LEADER 01674nam 2200409 a 450 001 9910691064403321 005 20050728141553.0 035 $a(CKB)5470000002343708 035 $a(OCoLC)46376736 035 9 $aocm46376736 035 $a(OCoLC)995470000002343708 035 $a(EXLCZ)995470000002343708 100 $a20010306d2000 ua 0 101 0 $aeng 135 $auran|||||| 181 $ctxt$2rdacontent 182 $cc$2rdamedia 183 $acr$2rdacarrier 200 10$aArms control$b[electronic resource] $eexperience of U.S. industry with chemical weapons convention inspections : statement of Jack L. Brock, Jr., Managing Director, Acquisition and Sourcing Management, before the Subcommittee on National Security, Veterans Affairs, and International Relations, Committee on Government Reform, House of Representatives /$fUnited States General Accounting Office 210 1$a[Washington, D.C.] :$cThe Office,$d[2000] 225 1 $aTestimony ;$vGAO/T-ASM-00-249 [i.e. GAO/T-NSIAD-00-249] 300 $a"September 13, 2000." 300 $aPaper version available from the General Accounting Office. 300 $aTitle from title screen. 517 $aArms control 606 $aChemical arms control$xVerification$zUnited States 606 $aChemical weapons$xInspection$zUnited States$xCosts 615 0$aChemical arms control$xVerification 615 0$aChemical weapons$xInspection$xCosts. 700 $aBrock$b Jack L$01383468 712 02$aUnited States.$bGeneral Accounting Office. 801 0$bGPO 801 1$bGPO 906 $aBOOK 912 $a9910691064403321 996 $aArms control$93430017 997 $aUNINA